Southville International School and Colleges
Your cart is empty.
  • Cart
  • Lists
    Public lists Eva Luna New books Lux_list list_1
    Your lists Log in to create your own lists
  • Log in to your account
  • Your cookies
  • Search history
Southville International School and Colleges
  • Advanced search
  • Recent comments
  • Most popular
  • Libraries

Log in to your account

Log in with GOOGLE


If you do not have an external account, but do have a local account, you can still log in:

  1. Home
  2. MARC view: Engineering mechanics:
Normal view MARC view ISBD view

Engineering mechanics: (Record no. 364568)

[ view plain ]
MARC details
000 -LEADER
fixed length control field 00434nam a2200145Ia 4500
008 - FIXED-LENGTH DATA ELEMENTS--GENERAL INFORMATION
fixed length control field 201002s9999 xx 000 0 und d
020 ## - INTERNATIONAL STANDARD BOOK NUMBER
International Standard Book Number 978-981-486-625-5
100 ## - MAIN ENTRY--PERSONAL NAME
Personal name Pytel, Andrew
245 ## - TITLE STATEMENT
Statement of responsibility, etc Andrew Pytel, Jaan Kiusalaas
Title Engineering mechanics:
Remainder of title statics (metric edition)/
250 ## - EDITION STATEMENT
Edition statement 4th ed.
260 ## - PUBLICATION, DISTRIBUTION, ETC. (IMPRINT)
Place of publication, distribution, etc Singapore:
Name of publisher, distributor, etc CENGAGE
Date of publication, distribution, etc 2019
300 ## - PHYSICAL DESCRIPTION
Extent xii, 587 pages
Dimensions 25 cm.
650 ## - SUBJECT ADDED ENTRY--TOPICAL TERM
Topical term or geographic name as entry element Mechanics, applied
650 ## - SUBJECT ADDED ENTRY--TOPICAL TERM
Topical term or geographic name as entry element Statics
Holdings
Withdrawn status Lost status Damaged status Home library Current library Shelving location Date acquired Source of acquisition Total Checkouts Full call number Barcode Date last seen Price effective from Koha item type
      Luxembourg Library Luxembourg Library High School Section 10/02/2020 Library Fund   TA 351 .P999 2019 20939 10/02/2020 10/02/2020 Books

Engineering mechanics:

APA

Pytel A., . (2019). Engineering mechanics. Singapore: CENGAGE.

Chicago

Pytel Andrew, . 2019. Engineering mechanics. Singapore: CENGAGE.

Harvard

Pytel A., . (2019). Engineering mechanics. Singapore: CENGAGE.

MLA

Pytel Andrew, . Engineering mechanics. Singapore: CENGAGE. 2019.

  • Place hold
  • Print
  • Cite
  • Add to your cart (remove)
  • Save record
    BIBTEX Dublin Core MARCXML MARC (non-Unicode/MARC-8) MARC (Unicode/UTF-8) MARC (Unicode/UTF-8, Standard) MODS (XML) RIS
  • More searches
    Search for this title in:
    Other Libraries (WorldCat) Other Databases (Google Scholar) Online Stores (Bookfinder.com) Open Library (openlibrary.org)

Exporting to Dublin Core...

SOUTHVILLE LIBRARY

Southville International School and Colleges Library

1281 Tropical Ave. Cor. Luxembourg St., BF Homes International, Las Pinas City

Tel. No. 8256374 / 252358 Loc. 117/146

Powered by Koha